Ethnic violence in Galle: (Record no. 4568)

MARC details
000 -LEADER
fixed length control field 00390nam a2200121 4500
008 - FIXED-LENGTH DATA ELEMENTS--GENERAL INFORMATION
fixed length control field 231226b |||||||| |||| 00| 0 eng d
082 ## - DEWEY DECIMAL CLASSIFICATION NUMBER
Classification number 323.2
Item number ETH
942 ## - ADDED ENTRY ELEMENTS (KOHA)
Item Type Reports
245 ## - TITLE STATEMENT
Title Ethnic violence in Galle:
Sub Title a report of the independent committee of inquiry
260 ## - PUBLICATION, DISTRIBUTION, ETC. (IMPRINT)
Place of Publication Colombo :
Name of Publisher International Centre for Ethnic Studies,
Date of Copyright 1995
300 ## - PHYSICAL DESCRIPTION
Extent 31 p.
650 ## - SUBJECT ADDED ENTRY--TOPICAL TERM
Topical Term ETHNIC VIOLENCE-Galle-Sri Lanka
Holdings
Withdrawn status Lost status Source of classification or shelving scheme Damaged status Not for loan Permanent location Current location Date acquired Total Checkouts Full call number Barcode Date last seen Price effective from Koha item type
    Dewey Decimal Classification     Resource center, Muslim Women's Research And Action Forum Resource center, Muslim Women's Research And Action Forum 2023-12-26   323.2 ETH RAF4630 2023-12-26 2023-12-26 Reports

Copyright © 2023 Muslim Women's Research and Action Forum (MWRAF), No 27/3, Anderson Road, Kalubowila, Dehiwela. Funded by The Asia Fundation